[Event "AUTO-OPEN-3044"]
[Site "http://www.queenalice.com/game.php?id=1203777"]
[Date "2013.7.30"]
[Round "1"]
[White "MaiconMD"]
[Black "ratorei"]
[Result "0-1"]
[WhiteElo "1070"]
[BlackElo "2014"]

1. e4 c5 2. Nf3 Nc6 3. d4 cxd4 4. Nxd4 d6 5. Nc3 g6 6. Be3 Bg7 7. Qd2 Qa5 8.
O-O-O a6 9. Kb1 Bd7 10. f4 Rc8 11. Be2 Nf6 12. f5 Nb4 13. a3 Nc6 14. Nb3 Qe5 15.
Bf3 gxf5 16. Bf4 Nxe4 17. Bxe4 Qf6 18. Bg5 Qe5 19. Bf3 Qe6 20. Rhe1 Ne5 21. Bxb7
Rb8 22. Bd5 Qg6 23. Bf4 O-O 24. Bxe5 Bxe5 25. h4 Rfc8 0-1

[Event "AUTO-OPEN-3044"]
[Site "http://www.queenalice.com/game.php?id=1203778"]
[Date "2013.7.30"]
[Round "1"]
[White "ratorei"]
[Black "MaiconMD"]
[Result "1-0"]
[WhiteElo "2014"]
[BlackElo "1070"]

1. e4 c5 2. Nf3 d6 3. d4 cxd4 4. Nxd4 Nf6 5. Nc3 a6 6. Be2 e5 7. Nb3 Be7 8. Bg5
Be6 9. Qd3 Nbd7 10. f4 Rc8 11. f5 Bc4 12. Qf3 Bxe2 13. Qxe2 O-O 14. h4 h6 15.
O-O-O b5 16. Be3 Qc7 17. g4 Qc4 18. Qg2 b4 19. Nd5 Nxd5 20. exd5 1-0

[Event "AUTO-ELITE-1187"]
[Site "http://www.queenalice.com/game.php?id=1204070"]
[Date "2013.7.31"]
[Round "-"]
[White "gedalias"]
[Black "MaiconMD"]
[Result "1-0"]
[WhiteElo "2004"]
[BlackElo "1074"]

1. e4 c5 2. Nf3 Nc6 3. b3 Nf6 4. e5 Nd5 5. Bc4 Nb6 6. Bd3 g6 7. Bb2 Bg7 8. Qc1
e6 9. O-O O-O 10. c4 Qc7 11. Re1 d6 12. exd6 Qxd6 13. Bxg7 Kxg7 14. Be4 Bd7 15.
Nc3 Nd4 16. Nxd4 1-0

[Event "AUTO-OPEN-3045"]
[Site "http://www.queenalice.com/game.php?id=1204202"]
[Date "2013.7.31"]
[Round "1"]
[White "leduar"]
[Black "MaiconMD"]
[Result "1-0"]
[WhiteElo "1994"]
[BlackElo "1100"]

1. e4 c5 2. Nf3 d6 3. d4 cxd4 4. Nxd4 Nf6 5. Nc3 a6 6. Be2 e5 7. Nb3 Be7 8. Qd3
Be6 9. O-O O-O 10. Bg5 Nbd7 11. Rad1 Rc8 12. Qg3 Kh8 13. f4 Qb6+ 14. Kh1 1-0

[Event "AUTO-OPEN-3045"]
[Site "http://www.queenalice.com/game.php?id=1204203"]
[Date "2013.7.31"]
[Round "1"]
[White "MaiconMD"]
[Black "leduar"]
[Result "0-1"]
[WhiteElo "1100"]
[BlackElo "1996"]

1. e4 e5 2. Nf3 Nc6 3. Bb5 a6 4. Ba4 Nf6 5. O-O Nxe4 6. Re1 Nc5 7. Bxc6 dxc6 8.
Nxe5 Be7 9. d4 Ne6 10. Nc3 Qxd4 11. Qf3 O-O 0-1

[Event "AUTO-OPEN-3045"]
[Site "http://www.queenalice.com/game.php?id=1204238"]
[Date "2013.7.31"]
[Round "1"]
[White "MaiconMD"]
[Black "Admilton"]
[Result "0-1"]
[WhiteElo "1100"]
[BlackElo "1594"]

1. e4 e5 2. Nf3 d6 3. d4 Nd7 4. Nc3 Nb6 5. dxe5 f5 6. Bg5 Be7 7. Bxe7 Qxe7 8.
exd6 cxd6 9. Bb5+ Bd7 10. Bxd7+ Nxd7 11. O-O Ngf6 12. exf5 O-O 13. Re1 Qf7 14.
Qxd6 Ne8 15. Qd5 Qxd5 16. Nxd5 Rxf5 17. Ne7+ Kf7 18. Nxf5 g6 0-1

[Event "AUTO-OPEN-3045"]
[Site "http://www.queenalice.com/game.php?id=1204239"]
[Date "2013.7.31"]
[Round "1"]
[White "Admilton"]
[Black "MaiconMD"]
[Result "1-0"]
[WhiteElo "1592"]
[BlackElo "1100"]

1. d4 Nf6 2. h3 d5 3. f3 e6 4. e3 c5 5. c4 cxd4 6. Qxd4 Nc6 7. Qc3 Bb4 8. Qxb4
Nxb4 9. Na3 O-O 10. Ne2 Nd3+ 11. Kd2 dxc4 12. Nd4 e5 13. Bxd3 cxd3 14. Nb3 Be6
15. Nc5 Qa5+ 16. Kd1 Qxc5 17. Ke1 Qb4+ 18. Kd1 Rac8 19. b3 1-0

[Event "AUTO-OPEN-3046"]
[Site "http://www.queenalice.com/game.php?id=1204519"]
[Date "2013.8.2"]
[Round "1"]
[White "marreta7"]
[Black "MaiconMD"]
[Result "1-0"]
[WhiteElo "1444"]
[BlackElo "1097"]

1. e4 c5 2. Bc4 e6 3. a3 Nc6 4. d3 Nf6 5. Nf3 Qc7 6. g3 Be7 7. Nc3 O-O 8. Bg5 d6
9. Qd2 a6 10. O-O-O b5 11. Ba2 b4 12. axb4 1-0

[Event "AUTO-OPEN-3046"]
[Site "http://www.queenalice.com/game.php?id=1204520"]
[Date "2013.8.2"]
[Round "1"]
[White "MaiconMD"]
[Black "marreta7"]
[Result "0-1"]
[WhiteElo "1100"]
[BlackElo "1442"]

1. e4 e5 2. Nf3 Nc6 3. Bb5 Nge7 4. O-O a6 5. Ba4 h6 6. c3 b5 7. Bb3 Ng6 8. d4
Be7 9. a4 b4 10. dxe5 Ngxe5 11. Nxe5 Nxe5 0-1